000 00760nam a22002297a 4500
003 UA-OsUOA
001 69721
007 ta
008 20100705b un ||||| |||| 00| 0 ukr d
090 _a347.181(094.9)
_bН83
942 _cBK
040 _aUA-OsUOA
_bukr
_cUA-OsUOA
_dUA-OsUOA
245 _aНормотворча діяльність
_bзбірник нормативно-правових актів та методичних рекомендацій
_cгол. ред. ради Станік С. Р.
300 _a288 с.
955 _a2
041 _aukr
080 _a347.181(094.9)
020 _a966-7752-43-7
260 _aК.
_bІн Юре
_c2001
650 7 _a347 Цивільне право. Судовий устрій
_2UDC
999 _c356108
_d356108